书目信息 |
| 题名: |
海排灰在道路基层及底基层中的应用研究
|
|
| 作者: | 于玲 , 包龙生 著 | |
| 分册: | ||
| 出版信息: | 合肥 合肥工业大学出版社 2018.12 |
|
| 页数: | 121页 | |
| 开本: | 26cm | |
| 丛书名: | ||
| 单 册: | ||
| 中图分类: | X773 , U416.214 | |
| 科图分类: | ||
| 主题词: | 发电厂--fa dian chang--粉煤灰--应用--路面基层 | |
| 电子资源: | ||
| ISBN: | 978-7-5650-4064-1 | |
| 000 | 01289nam0 2200265 450 | |
| 001 | 0100010805 | |
| 005 | 20190905093952.0 | |
| 010 | @a978-7-5650-4064-1@dCNY25.00 | |
| 100 | @a20190904d2018 em y0chiy50 ea | |
| 101 | 0 | @achi |
| 102 | @aCN@b340000 | |
| 105 | @aak a 000yy | |
| 106 | @ar | |
| 200 | 1 | @a海排灰在道路基层及底基层中的应用研究@Ahai pai hui zai dao lu ji ceng ji di ji ceng zhong de ying yong yan jiu@f于玲, 包龙生著 |
| 210 | @a合肥@c合肥工业大学出版社@d2018.12 | |
| 215 | @a121页@c图@d26cm | |
| 320 | @a有书目 (第116-121页) | |
| 330 | @a本书主要内容如下: 第一章主要介绍海排灰作为道路基层及底基层的研究意义、相关研究现状 ; 第二章主要介绍海排灰稳定碎石基层及底基层材料配合比研究, 包括海排灰等原材料的物理力学性质, 水泥海排灰稳定碎石集料级配范围, 水泥海排灰碎石基层及三灰碎石底基层混合料配合比及路用性能研究 ; 第三章主要介绍通过X射线衍射分析和扫描镜法 (SEM) 微观分析法对海排灰与结合料的化学反应机理进行研究 ; 第四章主要介绍海排灰氯盐含量对基层及底基层材料的路用性能影响 ; 第五章介绍实体工程试验与关键技术指标研究。 | |
| 606 | 0 | @a发电厂@Afa dian chang@x粉煤灰@x应用@x路面基层 |
| 690 | @aX773@v5 | |
| 690 | @aU416.214@v5 | |
| 701 | 0 | @a于玲@Ayu ling@4著 |
| 701 | 0 | @a包龙生@Abao long sheng@4著 |
| 801 | 0 | @aCN@c20190905 |
| 905 | @a河南城建学院图书馆@dX773@eY716 | |
| 海排灰在道路基层及底基层中的应用研究/于玲, 包龙生著.-合肥:合肥工业大学出版社,2018.12 |
| 121页:图;26cm |
| ISBN 978-7-5650-4064-1:CNY25.00 |
| 本书主要内容如下: 第一章主要介绍海排灰作为道路基层及底基层的研究意义、相关研究现状 ; 第二章主要介绍海排灰稳定碎石基层及底基层材料配合比研究, 包括海排灰等原材料的物理力学性质, 水泥海排灰稳定碎石集料级配范围, 水泥海排灰碎石基层及三灰碎石底基层混合料配合比及路用性能研究 ; 第三章主要介绍通过X射线衍射分析和扫描镜法 (SEM) 微观分析法对海排灰与结合料的化学反应机理进行研究 ; 第四章主要介绍海排灰氯盐含量对基层及底基层材料的路用性能影响 ; 第五章介绍实体工程试验与关键技术指标研究。 |
| ● |
| 相关链接 |
|
|
|
正题名:海排灰在道路基层及底基层中的应用研究
索取号:X773/Y716
 
预约/预借
| 序号 | 登录号 | 条形码 | 馆藏地/架位号 | 状态 | 备注 |
| 1 | 1438913 | 214389133 | 自科库501/501自科库 109排2列6层/ [索取号:X773/Y716] | 在馆 | |
| 2 | 1438914 | 214389142 | 期刊室512/501自科库 109排2列5层/ [索取号:X773/Y716] | 在馆 |